| 000 | 01097cam a22003254a 4500 | ||
|---|---|---|---|
| 001 | 15905393 | ||
| 005 | 20170105102936.0 | ||
| 008 | 090915s2009 pk b 000 0 eng | ||
| 010 | _a 2009361096 | ||
| 020 | _a9789698957483 | ||
| 025 | _aP-E-2009361096; 29 | ||
| 040 |
_aDLC _cDLC _dDLC |
||
| 042 | _alcode | ||
| 043 | _aa-pk--- | ||
| 050 | 0 | 0 |
_aJQ629.A91 _bM39 2009 |
| 082 |
_a306.2095491 _bMAL 2009 |
||
| 100 | 1 | _aMalik, Nadeem. | |
| 245 | 1 | 0 |
_aCitizens and governance in Pakistan : _ban analysis of people's voices / _cNadeem Malik. |
| 246 | 1 | 7 | _aCivil society in the new millennium |
| 260 |
_aLahore : _bSanjh Publications, _c[2009]. |
||
| 300 |
_a181 p. ; _c22 cm. |
||
| 504 | _aIncludes bibliographical references (p. 180-181). | ||
| 650 | 0 |
_aCivil society _zPakistan _xPublic opinion. |
|
| 650 | 0 |
_aPublic opinion _zPakistan. |
|
| 651 | 0 |
_aPakistan _xPolitics and government _y1988- _xPublic opinion. |
|
| 651 | 0 |
_aPakistan _xEconomic conditions _xPublic opinion. |
|
| 906 |
_a7 _bcbc _corigode _d3 _encip _f20 _gy-gencatlg |
||
| 942 |
_2ddc _cBK |
||
| 999 |
_c16267 _d16267 |
||